'Not Running' Lyrics - The Beths - Statistics

General Stats
  • This quiz has been taken 5 times
  • The average score is 122 of 185
Answer Stats
Lyrics % Correct
do
100%
don't
100%
me
100%
not
100%
(not
100%
running
100%
to
100%
and
80%
away
80%
away)
80%
be
80%
hear
80%
I
80%
i
80%
(I
80%
if
80%
I'm
80%
it
80%
it's
80%
stay
80%
stay)
80%
that
80%
the
80%
too
80%
what
80%
with
80%
would
80%
you
80%
are
60%
here
60%
in
60%
mouth
60%
mouth)
60%
out
60%
out)
60%
said
60%
take
60%
tell
60%
(tell
60%
then
60%
this
60%
told
60%
wanna
60%
we
60%
won't
60%
aloud
40%
aloud)
40%
breathe
40%
(breathe
40%
broken
40%
can
40%
feel
40%
freak
40%
goodbye
40%
oh
40%
ooh
40%
open
40%
(open
40%
promise
40%
really
40%
room
40%
sound
40%
sound)
40%
stays
40%
truth
40%
far
20%
how
20%
near
20%
(ah)
0%
alright
0%
demand
0%
fear
0%
rely
0%
scared
0%
supply
0%
No matching quizzes found
Score Distribution
Percent of People with Each Score
Percentile by Number Answered
Your Score History
You have not taken this quiz